R6 Operators by it's Icon - Statistics

General Stats
  • This quiz has been taken 1,373 times
    184 since last reset
  • The average score is 60 of 77
Answer Stats
Picture Answer % Correct
Doc
99%
Mute
99%
Sledge
99%
Smoke
99%
Ash
98%
Castle
98%
Rook
98%
Thermite
98%
Kapkan
97%
Twitch
97%
Bandit
96%
Pulse
96%
Thatcher
95%
Blitz
93%
Buck
93%
Frost
93%
Fuze
93%
Glaz
93%
IQ
92%
Mira
92%
Montagne
92%
Valkyrie
91%
Jäger
90%
Lesion
90%
Ying
90%
Blackbeard
89%
Jackal
89%
Tachanka
89%
Vigil
89%
Caveira
88%
Ela
88%
Hibana
88%
Lion
88%
Echo
87%
Capitão
86%
Zofia
84%
Clash
83%
Finka
83%
Maestro
82%
Alibi
80%
Maverick
80%
Kaid
79%
Dokkaebi
78%
Mozzie
78%
Warden
77%
Ace
74%
Gridlock
73%
Nomad
73%
Goyo
72%
Nøkk
71%
Oryx
71%
Iana
70%
Aruni
67%
Thorn
67%
Amaru
66%
Azami
66%
Wamai
66%
Kali
65%
Zero
65%
Flores
64%
Melusi
64%
Osa
62%
Grim
60%
Sens
60%
Solis
60%
Thunderbird
60%
Brava
59%
Fenrir
58%
Deimos
55%
Ram
54%
Striker
51%
Sentry
49%
Tubarão
49%
Skopós
47%
Solid Snake
43%
Denari
39%
Rauora
37%
No matching quizzes found
Score Distribution
Percent of People with Each Score
Percentile by Number Answered
Your Score History
You have not taken this quiz since the last reset